000 00313nam a22001337a 4500
008 171006b xxu||||| |||| 00| 0 eng d
020 _a9780130322630
041 _aeng
080 _24TH
_a159.9
100 _a49
101 _aPSI
245 _aFORTY STUDIES THAT CHANGED PSYCHOLOGY
_cHOCK,R,.R
942 _2udc
_cBK
999 _c32209
_d32209